Els bandolers i les monedes d'or : La llegenda d'Onofre d'Argençola i Miquel de Calders / La llegenda d'Onofre d'Argençola i Miquel de Calders /
MARC
| LEADER | 00000nam a22000007a 4500 | ||
|---|---|---|---|
| 001 | 28380 | ||
| 003 | AGDB | ||
| 005 | 20260324181521.0 | ||
| 008 | 240129b spa||||| |||| 00| 0 cat d | ||
| 040 | |a agdb |b cat | ||
| 100 | |9 70173 |a Marsal, Anna |e text | ||
| 245 | |a Els bandolers i les monedes d'or : |b La llegenda d'Onofre d'Argençola i Miquel de Calders / |c Anna Marsal Riera, text ; Elisabet Serra Vendrell, il·lustracions | ||
| 250 | |a Primera edició, |b agost 2023 | ||
| 260 | |a [Argençola] : |b Ajuntament d'Argençola ; |b Diputació de Barcelona ; |c 2023 | ||
| 300 | |a [20 pàgines] ; |b il·lustracions color ; |c 25 x 21 cm | ||
| 650 | 0 | |9 70175 |a Bandolers |z Catalunya |x Llegendes |v Llibres per a infants | |
| 700 | 1 | |9 70174 |a Serra, Elisabet, |d 1986- |e il·lustracions | |
| 856 | 4 | 0 | |u https://www.argencola.cat/images/pdf/Conte-Bandolers_PDF.pdf |z Accés lliure (text) |
| 856 | 4 | 0 | |u https://youtu.be/O80CPkvKKvg |z Accés lliure (audiollibre) |
| 942 | |2 udc |c ARXIU |n 1 | ||
| 952 | |0 0 |1 0 |4 0 |6 FU7639 |7 1 |9 96643 |a Arxiu |b Arxiu |d 2024-01-29 |l 0 |o FU-76-39 |p 28380 |r 2024-01-29 00:00:00 |w 2024-01-29 |y ARXIU | ||
| 999 | |c 128489 |d 128489 | ||